000 00471nam a22001937a 4500
005 20231012145923.0
008 230925b |||||||| |||| 00| 0 eng d
020 _a978817780108
082 _a658.4038
_bLAU-M
100 _aLaudon,Kenneth C.
245 _aManagement Information Systems
250 _a8th ed.
260 _bPearson
_aindia
300 _a601
500 _aInclude Index
650 _aManagement
700 _aKenneth C.Laudon
942 _iBook
_6BOOK
999 _c33693
_d33693